Escape / (Record no. 97859)

MARC details
000 -LEADER
fixed length control field 00520nam a22001817a 4500
005 - DATE AND TIME OF LATEST TRANSACTION
control field 20160106101929.0
010 ## - LCCN (DPL NO)
LC control number ENG-114346
020 ## - INTERNATIONAL STANDARD BOOK NUMBER
International Standard Book Number 9789351950141
Terms of availability 499.00
035 ## - SYSTEM CONTROL NUMBER
System control number EN-97878
037 ## - SOURCE OF ACQUISITION
Source of stock number/acquisition DBAD/PUB
082 ## - DEWEY DECIMAL CLASSIFICATION NUMBER
Classification number N
100 ## - MAIN ENTRY--PERSONAL NAME
Personal name Padmanabhan, Manjula
245 ## - TITLE STATEMENT
Title Escape /
Statement of responsibility, etc by Manjula Padmanabhan
260 ## - PUBLICATION, DISTRIBUTION, ETC. (IMPRINT)
Place of publication, distribution, etc Gurgaon
Name of publisher, distributor, etc Hachette Book Publishing
Date of publication, distribution, etc 2015
270 ## - ADDRESS
Address 4th & 5th Floors, Corporate Centre, Plot No.94, Sector 44
City Gurgaon
Postal code 122003
300 ## - PHYSICAL DESCRIPTION
Extent 392p.
Dimensions 21cm(pbk)
942 ## - ADDED ENTRY ELEMENTS (KOHA)
Source of classification or shelving scheme Dewey Decimal Classification
Item type English Books
Call number suffix PAD
Classification part N
Holdings
Withdrawn status Lost status Not for loan Collection code Home library Current library Date acquired Source of acquisition Cost, normal purchase price Full call number Barcode Copy number Cost, replacement price Koha item type
    Not For Loan Fiction D.B.Act.Division D.B.Act.Division 19/10/2015 DBAD/PUB 499.00 N PAD EN-97878 1 499.00 English Books

© Delhi Public Library
Hit Counter
free hit counter